000 00300nam a2200109Ia 4500
008 191201s2012 xx 000 0 und d
100 _aSRIVASTAVA, Priti
245 0 _aComputer Applications in mechanical engineering
260 _c2012
_bIshan Publications
_aNEW DELHI
300 _a152
942 _2ddc
_cBK
999 _c8104
_d8104